Účtovanie a vykazovanie finančného prenájmu v národnej a nadnárodnej úprave diplomová práca

Gespeichert in:
Bibliographische Detailangaben
1. Verfasser: Visnyeiová, Lucia
Körperschaft: Fakulta hospodárskej informatiky EU. Katedra účtovníctva a audítorstva
Weitere Verfasser: Vašeková, Miroslava, 1978-
Format: Buch
Sprache:Slowakisch
Veröffentlicht: Bratislava 2013
Tags: Tag hinzufügen
Keine Tags, Fügen Sie das erste Tag hinzu!

MARC

LEADER 00000nbm a2200000 4500
001 0171596
005 20161109102443.8
041 0 |a slo 
044 |a SK 
245 1 0 |a Účtovanie a vykazovanie finančného prenájmu v národnej a nadnárodnej úprave  |b diplomová práca  |c Lucia Visnyeiová ; školiteľ: Miroslava Vašeková 
264 1 |a Bratislava  |c 2013 
300 |a 69 s. 
100 1 |a Visnyeiová, Lucia 
700 1 |a Vašeková, Miroslava, 1978- 
710 2 |a Fakulta hospodárskej informatiky EU. Katedra účtovníctva a audítorstva